00385 a2200133 4500020001800000040001300018082001200031100001700043245008400060260002700144300001100171650005300182700001600235 a9780470823231 aDLCbDLC a621.381 aLin, Ming-Bo aDigital system designs and practices : using verilog HDL and FPGAscMing-Bo Lin aSingaporebWileyc2008 a809 p. aVerilog (Computer hardware description language) aMing-Bo Lin